000 00854cam a2200241 a 4500
008
020 _a085369687X (hbk.)
049 _aMAIN
090 _aREF RS141.3
_bMAR
245 0 0 _aMartindale :
_bthe complete drug reference, Part 1- monographs on drugs and ancillary substances, Part 2- supplementary drugs and other substances /
_cedited by Sean C. Sweetman.
250 _a35th ed.
260 _aLondon :
_bPharmaceutical Press,
_c2007.
300 _axiii, 2189 p. :
_bill. ;
_c29 cm.
650 1 2 _aPharmacopoeias as Topic
_zGreat Britain.
650 2 2 _aPharmaceutical Preparations
_zGreat Britain.
650 0 _aPharmacopoeias.
700 1 _aSweetman, Sean C.
907 _a.b1033001x
_b21-05-13
_c07-05-13
003
005 20230120204122.0
040 _cNUST
942 _cBOOKS
_kREF RS141.3
_mMAR
999 _c117450
_d117450